Statistiken für Währungen europäischer Länder

Klicken Sie hier um das Quiz zu spielen!

Allgemein

  • Dieses Quiz wurde 80 mal gespielt
  • Das Durchschnittsergebnis liegt bei 35 aus 48

Antwortstatistiken

LandWährung% Korrekt
FrankreichEuro (EUR)
100%
ItalienEuro (EUR)
100%
LuxemburgEuro (EUR)
98%
MaltaEuro (EUR)
98%
NiederlandeEuro (EUR)
98%
KroatienEuro (EUR)
98%
ÖsterreichEuro (EUR)
98%
SpanienEuro (EUR)
98%
DeutschlandEuro (EUR)
98%
IrlandEuro (EUR)
98%
PortugalEuro (EUR)
96%
San MarinoEuro (EUR)
96%
GriechenlandEuro (EUR)
96%
BelgienEuro (EUR)
96%
FinnlandEuro (EUR)
95%
VatikanstadtEuro (EUR)
95%
Vereinigtes KönigreichPfund Sterling (GBP)
95%
SchweizSchweizer Franken (CHF)
95%
DänemarkDänische Krone (DKK)
93%
LettlandEuro (EUR)
93%
LitauenEuro (EUR)
93%
MonacoEuro (EUR)
93%
ZypernEuro (EUR)
89%
EstlandEuro (EUR)
89%
SlowenienEuro (EUR)
86%
SlowakeiEuro (EUR)
86%
SchwedenSchwedische Krone (SEK)
86%
AndorraEuro (EUR)
82%
NorwegenNorwegische Krone (NOK)
79%
RusslandRussischer Rubel (RUB)
79%
MontenegroEuro (EUR)
77%
TürkeiTürkische Lira (TRY)
75%
KosovoEuro (EUR)
68%
IslandIsländische Krone (ISK)
65%
BelarusBelarussischer Rubel (BYN)
63%
LiechtensteinSchweizer Franken (CHF)
58%
TschechienTschechische Krone (CZK)
56%
PolenZłoty (PLN)
54%
BulgarienBulgarischer Lew (BGB)
30%
UngarnForint (HUF)
28%
AlbanienAlbanischer Lek (ALL)
18%
RumänienRumänischer Leu (RON)
18%
Bosnien und HerzegowinaKonvertible Mark (BAM)
16%
MoldawienMoldauischer Leu (MDL)
14%
SerbienSerbischer Dinar (RSD)
14%
GeorgienGeorgischer Lari (GEL)
7%
NordmazedonienMazedonischer Denar (MKD)
7%
UkraineHrywnja (UAH)
5%

Verteilung der Resultate

Perzentil nach korrekt beantworteten Fragen

Anzahl Personen mit jedem Resultat

Ihre Resultats-Entwicklung

Sie haben dieses Quiz noch nicht gespielt